| 000 | 00473nam a2200157 i 4500 | ||
|---|---|---|---|
| 001 | 149304 | ||
| 003 | ES-MaACL | ||
| 005 | 20230906203032.0 | ||
| 007 | t| | ||
| 008 | 071019s1927 sp ||||1| spa d | ||
| 100 | 1 |
_aVehils, Rafael. _9113656 |
|
| 245 | 1 | 0 |
_aInstituto de economía americana _b: orientaciones y propósitos / _cdiscurso... Rafael Vehils. |
| 260 |
_aBarcelona : _b[Oliva de Vilanova], _c1927. |
||
| 300 |
_a11 p. ; _c22 cm. |
||
| 852 |
_aES-MaACL _j1717-F-13 |
||
| 999 |
_c149304 _d149304 |
||